[Event "EU-ch Rapid"]
[Site "Katowice"]
[Date "2022.12.18"]
[Round "9"]
[White "De Filomeno, Simone"]
[Black "Krivenko, Dion"]
[Result "1/2-1/2"]
[WhiteElo "2450"]
[BlackElo "2141"]
[PlyCount "96"]
[EventDate "2022.12.17"]
[EventType "swiss (rapid)"]
[EventRounds "11"]
[EventCountry "POL"]
[SourceTitle "CBM 211 Extra"]
[Source "ChessBase"]
[SourceDate "2023.01.31"]
[SourceVersion "1"]
[SourceVersionDate "2023.01.31"]
[SourceQuality "1"]

1. d4 Nf6 2. c4 g6 3. Nf3 Bg7 4. g3 0-0 5. Bg2 d6 6. 0-0 Nbd7 7. Nc3 e5 8. b3 Re8 9. e4 exd4 10. Nxd4 Nc5 11. Re1 c6 12. h3 a5 13. Bf4 h6 14. g4 Be6 15. Rc1 Bf8 16. Rc2 Nfd7 17. Rd2 Qc7 18. Bg3 Nb6 19. f4 Rad8 20. Qf3 Bg7 21. Kh1 Bxc4 22. bxc4 Nxc4 23. Rdd1 Nb2 24. h4 Nxd1 25. Rxd1 Qb6 26. Rb1 Qc7 27. Qd1 b5 28. a3 Rb8 29. e5 dxe5 30. Nxc6 exf4 31. Nd5 Qxc6 32. Ne7+ Rxe7 33. Bxc6 Rc8 34. Bxf4 Rxc6 35. Qd8+ Bf8 36. Bxh6 Ne6 37. Qa8 Rec7 38. Bxf8 Nxf8 39. Qxa5 Rc3 40. Re1 Ne6 41. Rxe6 fxe6 42. Qxb5 Rc1+ 43. Kg2 R7c2+ 44. Kf3 Rc3+ 45. Ke4 Rc4+ 46. Kd3 R1c3+ 47. Kd2 Rc2+ 48. Kd3 R2c3+ 1/2-1/2

[Event "EU-ch Rapid"]
[Site "Katowice"]
[Date "2022.12.18"]
[Round "10"]
[White "Sidletskyi, Ivan"]
[Black "De Filomeno, Simone"]
[Result "1/2-1/2"]
[WhiteElo "2152"]
[BlackElo "2450"]
[PlyCount "203"]
[EventDate "2022.12.17"]
[EventType "swiss (rapid)"]
[EventRounds "11"]
[EventCountry "POL"]
[SourceTitle "CBM 211 Extra"]
[Source "ChessBase"]
[SourceDate "2023.01.31"]
[SourceVersion "1"]
[SourceVersionDate "2023.01.31"]
[SourceQuality "1"]

1. e4 c5 2. Nf3 Nc6 3. Nc3 g6 4. d4 cxd4 5. Nxd4 Bg7 6. Be3 Nf6 7. Bc4 0-0 8. Bb3 Re8 9. f3 e6 10. f4 e5 11. fxe5 Nxe4 12. Bxf7+ Kxf7 13. 0-0+ Kg8 14. Nxe4 Rxe5 15. Qf3 d5 16. Nxc6 bxc6 17. Bg5 Qb6+ 18. Be3 Qc7 19. Nf6+ Kh8 20. Bd4 Bf5 21. Bxe5 Qxe5 22. Ng4 Qxb2 23. Ne3 Be4 24. Qf4 Qa3 25. Rab1 Bd4 26. Rb3 Qe7 27. Kh1 Re8 28. Ng4 Bg7 29. Rb8 Bf5 30. Rxe8+ Qxe8 31. Rb1 h5 32. Rb8 Bc8 33. Qe3 Qf8 34. Ne5 Kh7 35. Nf3 d4 36. Qd3 Qf5 37. Qxf5 Bxf5 38. Rb7 c5 39. Rc7 Bxc2 40. Nxd4 cxd4 41. Rxc2 Kh6 42. Kg1 Be5 43. Rc5 Bf4 44. Rd5 Bc7 45. Kf1 Bxh2 46. Rxd4 Bc7 47. Ke2 g5 48. Rd7 Bb6 49. Rd6+ Kg7 50. Kf3 g4+ 51. Ke4 h4 52. Kf5 h3 53. Rg6+ Kf7 54. Rxg4 hxg2 55. Rxg2 Ke7 56. Rd2 Bc5 57. Ke5 Bb4 58. Rd3 a5 59. a3 Be1 60. Rd1 Bg3+ 61. Kd5 Kd7 62. Kc5+ Kc8 63. Kb6 Bc7+ 64. Kc6 Bf4 65. Rf1 Bh6 66. Rf5 Kb8 67. Rxa5 Be3 68. Re5 Bf2 69. a4 Ka7 70. Kb5 Bg1 71. Re7+ Kb8 72. Kc6 Bf2 73. a5 Bg1 74. Rb7+ Ka8 75. Rg7 Be3 76. Kb5 Kb8 77. a6 Ka8 78. Kc6 Bd4 79. Rf7 Bg1 80. Rf3 Bd4 81. Rd3 Bg1 82. Rd8+ Ka7 83. Kb5 Bf2 84. Rd7+ Ka8 85. Rf7 Bg1 86. Kc6 Be3 87. Rb7 Bg1 88. Kc7 Bh2+ 89. Kc8 Bg1 90. Kc7 Bh2+ 91. Kb6 Bg1+ 92. Kb5 Bf2 93. Rf7 Bg1 94. Rf8+ Ka7 95. Rf7+ Ka8 96. Rg7 Be3 97. Re7 Bf2 98. Rf7 Bg1 99. Rg7 Be3 100. a7 Bxa7 101. Ka6 Bb8 102. Rg8 1/2-1/2

[Event "EU-ch Rapid"]
[Site "Katowice"]
[Date "2022.12.17"]
[Round "5"]
[White "De Filomeno, Simone"]
[Black "Karas, Marek"]
[Result "0-1"]
[WhiteElo "2450"]
[BlackElo "2240"]
[PlyCount "96"]
[EventDate "2022.12.17"]
[EventType "swiss (rapid)"]
[EventRounds "11"]
[EventCountry "POL"]
[SourceTitle "CBM 211 Extra"]
[Source "ChessBase"]
[SourceDate "2023.01.31"]
[SourceVersion "1"]
[SourceVersionDate "2023.01.31"]
[SourceQuality "1"]

1. d4 d5 2. c4 c6 3. Nf3 Nf6 4. Nbd2 a6 5. e3 b5 6. b3 Bg4 7. h3 Bh5 8. g4 Bg6 9. Ne5 Nfd7 10. Nxg6 hxg6 11. Bg2 e6 12. 0-0 Bb4 13. a3 Bxd2 14. Bxd2 0-0 15. a4 bxc4 16. bxc4 a5 17. Qc2 Nb6 18. cxd5 cxd5 19. Rfc1 Nc4 20. Bf1 Nxd2 21. Qxd2 Na6 22. Ra3 Nb4 23. Rac3 Ra7 24. Rc5 f5 25. Be2 Qh4 26. Kg2 Raf7 27. f3 g5 28. Rc8 f4 29. exf4 gxf4 30. Rxf8+ Rxf8 31. Qe1 Qxe1 32. Rxe1 Nc2 33. Rb1 Nxd4 34. Bd3 Rc8 35. h4 Rc3 36. Bg6 Kf8 37. Rf1 Nc2 38. Rb1 Nb4 39. g5 d4 40. h5 Rc5 41. Kh3 Rxg5 42. Rc1 d3 43. Rc8+ Ke7 44. Rc7+ Kd6 45. Rxg7 d2 46. Rg8 Rd5 47. Be4 d1Q 48. Bxd5 Nxd5 0-1

[Event "EU-ch Rapid"]
[Site "Katowice"]
[Date "2022.12.17"]
[Round "6"]
[White "Varvadoukas, Theodoros"]
[Black "De Filomeno, Simone"]
[Result "1-0"]
[WhiteElo "2109"]
[BlackElo "2450"]
[PlyCount "115"]
[EventDate "2022.12.17"]
[EventType "swiss (rapid)"]
[EventRounds "11"]
[EventCountry "POL"]
[SourceTitle "CBM 211 Extra"]
[Source "ChessBase"]
[SourceDate "2023.01.31"]
[SourceVersion "1"]
[SourceVersionDate "2023.01.31"]
[SourceQuality "1"]

1. c4 Nf6 2. Nf3 c5 3. Nc3 Nc6 4. g3 g6 5. Bg2 Bg7 6. 0-0 0-0 7. d4 cxd4 8. Nxd4 d6 9. Nxc6 bxc6 10. Bxc6 Rb8 11. Bg2 Be6 12. b3 Qa5 13. Bd2 Qh5 14. e4 Bg4 15. f3 Be6 16. Rc1 Nd7 17. Be3 Qa5 18. Bd4 Bxd4+ 19. Qxd4 Ne5 20. f4 Nc6 21. Qe3 Rfc8 22. Rf2 f6 23. Nd5 Qc5 24. Qxc5 dxc5 25. Rd1 Kf8 26. h3 Nd4 27. Nc3 Rd8 28. Rfd2 Bd7 29. Kf2 e5 30. Nd5 Kg7 31. Ke3 Bc6 32. Nc3 Rd6 33. h4 Rbd8 34. Nd5 Bxd5 35. cxd5 Ra6 36. Rc1 Ra5 37. Bh3 Rd6 38. Rc4 Kf8 39. Bg4 Rda6 40. Bd1 Ke7 41. a4 Rb6 42. Rd3 Kd6 43. Rdc3 h6 44. Rd3 Rb4 45. Rxb4 cxb4 46. Rxd4 exd4+ 47. Kxd4 Kc7 48. Be2 Kb6 49. e5 fxe5+ 50. fxe5 Rc5 51. Bc4 Rc8 52. d6 g5 53. hxg5 hxg5 54. Kd5 Rc5+ 55. Ke6 Rxc4 56. bxc4 b3 57. d7 Kc7 58. Ke7 1-0

[Event "EU-ch Blitz"]
[Site "Katowice"]
[Date "2022.12.16"]
[Round "10"]
[White "Kovalevsky, Stanislav"]
[Black "De Filomeno, Simone"]
[Result "0-1"]
[WhiteElo "2237"]
[BlackElo "2450"]
[PlyCount "108"]
[EventDate "2022.12.16"]
[EventType "swiss (blitz)"]
[EventRounds "22"]
[EventCountry "POL"]
[SourceTitle "CBM 211 Extra"]
[Source "ChessBase"]
[SourceDate "2023.01.31"]
[SourceVersion "1"]
[SourceVersionDate "2023.01.31"]
[SourceQuality "1"]

1. c4 e6 2. e4 d5 3. cxd5 exd5 4. exd5 Nf6 5. Nc3 Nxd5 6. Bc4 Nb6 7. Bb3 Nc6 8. Nge2 Bf5 9. d4 Bd6 10. 0-0 0-0 11. Be3 Qh4 12. g3 Qh3 13. Nf4 Bxf4 14. Bxf4 Rad8 15. d5 Rd7 16. a4 Nb4 17. a5 Nc8 18. Qd4 Nd3 19. Ne4 Nxf4 20. gxf4 Bxe4 21. f3 Bf5 22. Rf2 Ne7 23. Rg2 Ng6 24. Rg3 Qh4 25. Qxa7 Qxf4 26. Qxb7 Qe3+ 27. Kh1 Re8 28. a6 Nf4 29. Qb4 Bh3 30. Rag1 g6 31. a7 Rdd8 32. d6 cxd6 33. Qc4 d5 34. Qc3 Nd3 35. Rxh3 Nf2+ 36. Kg2 Qxc3 37. bxc3 Nxh3 38. Kxh3 Ra8 39. Ra1 Re7 40. Bxd5 Raxa7 41. Rxa7 Rxa7 42. c4 Kf8 43. Kg4 Ke7 44. Kg5 f6+ 45. Kh6 Kd6 46. f4 Kc5 47. h4 Kd4 48. Be6 Ke4 49. c5 Kxf4 50. c6 Rc7 51. Bd7 g5 52. h5 g4 53. Kxh7 g3 54. Kg6 g2 0-1

[Event "EU-ch blitz"]
[Site "Skopje"]
[Date "2018.12.07"]
[Round "11"]
[White "De Filomeno, Simone"]
[Black "Jirovsky, Milos"]
[Result "0-1"]
[WhiteElo "2436"]
[BlackElo "2448"]
[PlyCount "120"]
[EventDate "2018.12.06"]
[EventType "swiss (blitz)"]
[EventRounds "22"]
[EventCountry "MKD"]
[SourceTitle "CBM 187 Extra"]
[Source "ChessBase"]
[SourceDate "2018.11.04"]
[SourceVersion "1"]
[SourceVersionDate "2018.11.04"]
[SourceQuality "1"]

1. d4 d5 2. c4 e6 3. Nc3 c5 4. cxd5 cxd4 5. Qxd4 Nc6 6. Qd1 exd5 7. Nxd5 Nf6 8. Nxf6+ Qxf6 9. Nf3 Bg4 10. a3 Bc5 11. e3 0-0 12. Be2 Rfd8 13. Qa4 Bd7 14. Qh4 Qg6 15. 0-0 Rac8 16. Qg5 Qxg5 17. Nxg5 Be7 18. Nf3 Bf6 19. Rd1 Bf5 20. Rxd8+ Rxd8 21. Kf1 g5 22. Nd2 Ne5 23. e4 Be6 24. f3 Nd3 25. Bxd3 Rxd3 26. Ke2 Rd8 27. a4 a5 28. Ra3 Rc8 29. Ra1 h5 30. Rb1 Ba2 31. Ra1 Be6 32. Rb1 Be7 33. b3 Bb4 34. Nc4 Bxc4+ 35. bxc4 Rxc4 36. Bxg5 Rc2+ 37. Ke3 Rxg2 38. h4 Kg7 39. Rd1 f6 40. Bf4 Bc5+ 41. Kd3 Ra2 42. Kc4 b6 43. Kb5 Rb2+ 44. Kc6 Rb3 45. Rd7+ Kg6 46. Bd6 Bf2 47. e5 fxe5 48. Bxe5 Rxf3 49. Bd4 Bxd4 50. Rxd4 Rf6+ 51. Kb5 Kf5 52. Rc4 Rd6 53. Ka6 Rg6 54. Kb5 Rg4 55. Rc6 Rb4+ 56. Ka6 Kg4 57. Rxb6 Rxa4 58. Kb5 Rb4+ 59. Kxa5 Rxb6 60. Kxb6 Kxh4 0-1

[Event "EU-ch blitz"]
[Site "Skopje"]
[Date "2018.12.06"]
[Round "3"]
[White "Bosiocic, Marin"]
[Black "De Filomeno, Simone"]
[Result "0-1"]
[WhiteElo "2599"]
[BlackElo "2436"]
[PlyCount "145"]
[EventDate "2018.12.06"]
[EventType "swiss (blitz)"]
[EventRounds "22"]
[EventCountry "MKD"]
[SourceTitle "CBM 187 Extra"]
[Source "ChessBase"]
[SourceDate "2018.11.04"]
[SourceVersion "1"]
[SourceVersionDate "2018.11.04"]
[SourceQuality "1"]

1. d4 d5 2. c4 e6 3. Nf3 Nf6 4. g3 Be7 5. Bg2 0-0 6. 0-0 dxc4 7. Qc2 a6 8. a4 Bd7 9. Qxc4 Bc6 10. Bg5 Bd5 11. Qc2 Nc6 12. Bxf6 gxf6 13. e3 Nb4 14. Qe2 c5 15. Nc3 Bb3 16. Nd2 Bc2 17. Bxb7 Rb8 18. Be4 cxd4 19. exd4 f5 20. Bxc2 Nxc2 21. Rad1 Nxd4 22. Qxa6 Rxb2 23. Qd3 Bf6 24. Nf3 Nxf3+ 25. Qxf3 Qa8 26. Qe3 Rb3 27. Rd3 Rc8 28. Ne2 Rxd3 29. Qxd3 Qxa4 30. Nf4 Qc4 31. Qf3 Qe4 32. Qd1 Bg5 33. Qd7 Qc6 34. Qd4 Qc4 35. Qd6 Bxf4 36. gxf4 Qe4 37. f3 Qc6 38. Qe5 Qc5+ 39. Qxc5 Rxc5 40. Kg2 Kg7 41. Kg3 Rc2 42. Ra1 Rc8 43. Ra7 Kf6 44. Ra6 Rg8+ 45. Kf2 h5 46. h4 Rb8 47. Kg3 Rb1 48. Rc6 Rg1+ 49. Kf2 Rh1 50. Kg3 Rd1 51. Ra6 Rd4 52. Rb6 Kg6 53. Ra6 Rd7 54. Rb6 Re7 55. Ra6 f6 56. Rb6 Kg7 57. Ra6 e5 58. fxe5 fxe5 59. Rb6 Rd7 60. Re6 Rd5 61. Kg2 Rd2+ 62. Kh3 Re2 63. Ra6 f4 64. Ra7+ Kg6 65. Ra6+ Kf5 66. Rh6 Re3 67. Rxh5+ Kf6 68. Kg4 Re1 69. Rf5+ Ke6 70. Rg5 Rg1+ 71. Kh5 Rg3 72. Rg6+ Kd5 73. Rg4 0-1

[Event "EU-ch blitz"]
[Site "Skopje"]
[Date "2018.12.06"]
[Round "5"]
[White "De Filomeno, Simone"]
[Black "Brkic, Ante"]
[Result "0-1"]
[WhiteElo "2436"]
[BlackElo "2563"]
[PlyCount "42"]
[EventDate "2018.12.06"]
[EventType "swiss (blitz)"]
[EventRounds "22"]
[EventCountry "MKD"]
[SourceTitle "CBM 187 Extra"]
[Source "ChessBase"]
[SourceDate "2018.11.04"]
[SourceVersion "1"]
[SourceVersionDate "2018.11.04"]
[SourceQuality "1"]

1. d4 d5 2. c4 e6 3. Nc3 Bb4 4. Nf3 Nf6 5. Bg5 Nbd7 6. e3 c5 7. dxc5 Qa5 8. Nd2 dxc4 9. Bxc4 Qxc5 10. Bxf6 Nxf6 11. Bb5+ Ke7 12. Qe2 a6 13. Bd3 Bxc3 14. bxc3 Qxc3 15. 0-0 Rd8 16. Nc4 Qxd3 17. Qxd3 Rxd3 18. Nb6 Rb8 19. Rfd1 Rxd1+ 20. Rxd1 Bd7 21. g4 Bc6 0-1

[Event "ITA-ch semiblitz"]
[Site "Chianciano Terme"]
[Date "2018.04.02"]
[Round "8"]
[White "De Filomeno, Simone"]
[Black "Moroni, Luca Jr"]
[Result "0-1"]
[WhiteElo "2429"]
[BlackElo "2559"]
[PlyCount "102"]
[EventDate "2018.04.02"]
[EventType "swiss (rapid)"]
[EventRounds "9"]
[EventCountry "ITA"]
[SourceTitle "CBM 183 Extra"]
[Source "ChessBase"]
[SourceDate "2018.04.19"]
[SourceVersion "1"]
[SourceVersionDate "2018.04.19"]
[SourceQuality "1"]

1. d4 d5 2. c4 e6 3. Nf3 a6 4. e3 Nf6 5. b3 b6 6. Bd3 Bb7 7. Nbd2 Nbd7 8. Qe2 Ne4 9. Bb2 Bd6 10. 0-0 0-0 11. Ne5 f5 12. f3 Nxd2 13. Qxd2 Nxe5 14. dxe5 Bc5 15. Bd4 Be7 16. Qe2 c5 17. Bb2 Qc8 18. cxd5 exd5 19. a4 Qe6 20. Rad1 a5 21. Bb5 Rac8 22. Rd2 Kh8 23. Rfd1 f4 24. exf4 Rxf4 25. g3 Rff8 26. f4 d4 27. h4 Qxb3 28. Kh2 Qe6 29. Rf1 Bd5 30. Qd1 Qh6 31. Bd7 Rcd8 32. Bh3 Be6 33. f5 Bb3 34. Qe1 Bxa4 35. Bc1 Qc6 36. Rdf2 Bb5 37. f6 gxf6 38. exf6 Bd6 39. Bh6 Rf7 40. Be6 Qe8 41. Bg7+ Kg8 42. Rf5 Bxf1 43. Rg5 Bd3 44. Bh6+ Bg6 45. Qe4 Kh8 46. Rxg6 hxg6 47. Qxg6 Bxg3+ 48. Kxg3 Rdd7 49. Bg5 Qxe6 50. Qh6+ Rh7 51. Qf8+ Qg8 0-1

[Event "ITA-ch semiblitz"]
[Site "Chianciano Terme"]
[Date "2018.04.02"]
[Round "7"]
[White "Vilona, Leonardo"]
[Black "De Filomeno, Simone"]
[Result "0-1"]
[WhiteElo "1909"]
[BlackElo "2429"]
[PlyCount "91"]
[EventDate "2018.04.02"]
[EventType "swiss (rapid)"]
[EventRounds "9"]
[EventCountry "ITA"]
[SourceTitle "CBM 183 Extra"]
[Source "ChessBase"]
[SourceDate "2018.04.19"]
[SourceVersion "1"]
[SourceVersionDate "2018.04.19"]
[SourceQuality "1"]

1. d4 d5 2. c4 e6 3. Nf3 c6 4. g3 dxc4 5. Ne5 c5 6. Qa4+ Nd7 7. dxc5 Bxc5 8. Nxd7 Bxd7 9. Qxc4 Rc8 10. Qf4 Bc6 11. e4 Bd6 12. Qe3 Bxe4 13. Bb5+ Bc6 14. Bxc6+ Rxc6 15. 0-0 Bc5 16. Qf3 Nf6 17. Nc3 h6 18. Rd1 Qe7 19. Be3 0-0 20. Rd2 Rfc8 21. Rad1 a6 22. Ne4 Nxe4 23. Qxe4 Bxe3 24. Qxe3 Rc1 25. Rxc1 Rxc1+ 26. Kg2 Qc7 27. Qd3 Qc6+ 28. f3 Rc5 29. Qd8+ Kh7 30. Qd3+ g6 31. Qd7 Kg7 32. Qd4+ e5 33. Qb4 a5 34. Qb3 b5 35. Qd3 Rc4 36. Re2 Rd4 37. Qa3 e4 38. fxe4 Rxe4 39. Rxe4 Qxe4+ 40. Kg1 Qb4 41. Qd3 Qxb2 42. a3 a4 43. h4 h5 44. Qf3 b4 45. axb4 a3 46. Qb7 0-1

[Event "ITA-ch blitz"]
[Site "Chianciano Terme"]
[Date "2018.04.01"]
[Round "7"]
[White "De Filomeno, Simone"]
[Black "Movileanu, Daniela"]
[Result "1/2-1/2"]
[WhiteElo "2429"]
[BlackElo "2199"]
[PlyCount "90"]
[EventDate "2018.04.01"]
[EventType "swiss (blitz)"]
[EventRounds "11"]
[EventCountry "ITA"]
[SourceTitle "CBM 183 Extra"]
[Source "ChessBase"]
[SourceDate "2018.04.19"]
[SourceVersion "1"]
[SourceVersionDate "2018.04.19"]
[SourceQuality "1"]

1. d4 Nf6 2. Nf3 g6 3. c4 Bg7 4. g3 0-0 5. Bg2 d5 6. cxd5 Nxd5 7. 0-0 Nb6 8. Nc3 Nc6 9. e3 e5 10. d5 Na5 11. e4 c6 12. Re1 Bg4 13. h3 Bxf3 14. Qxf3 cxd5 15. Nxd5 Nxd5 16. exd5 Nc4 17. Qb3 Nd6 18. Bd2 a5 19. a4 Re8 20. Rac1 Qd7 21. Rc2 Nf5 22. Qb5 Qxb5 23. axb5 Nd4 24. Rc7 Nxb5 25. Rxb7 Nd6 26. Rd7 Nc4 27. Bc3 Rab8 28. Re2 Red8 29. Rxd8+ Rxd8 30. Re4 Rc8 31. Bf1 Nd6 32. Ra4 e4 33. Bxg7 Kxg7 34. Rxa5 Rb8 35. Ra6 Nf5 36. d6 Rd8 37. b4 Rxd6 38. b5 Rd1 39. Ra3 Kf8 40. Rb3 Nd4 41. Rb2 Nf3+ 42. Kg2 Ne1+ 43. Kh2 Nf3+ 44. Kg2 Ne1+ 45. Kh2 Nf3+ 1/2-1/2

[Event "ITA-ch blitz"]
[Site "Chianciano Terme"]
[Date "2018.04.01"]
[Round "10"]
[White "Podetti, Davide"]
[Black "De Filomeno, Simone"]
[Result "1-0"]
[WhiteElo "2153"]
[BlackElo "2429"]
[PlyCount "101"]
[EventDate "2018.04.01"]
[EventType "swiss (blitz)"]
[EventRounds "11"]
[EventCountry "ITA"]
[SourceTitle "CBM 183 Extra"]
[Source "ChessBase"]
[SourceDate "2018.04.19"]
[SourceVersion "1"]
[SourceVersionDate "2018.04.19"]
[SourceQuality "1"]

1. d4 d5 2. Nc3 Nf6 3. Bg5 Bf5 4. f3 Nbd7 5. Nxd5 Nxd5 6. e4 h6 7. Bh4 Ne3 8. Qd3 Bxe4 9. fxe4 Nxf1 10. Qxf1 c6 11. 0-0-0 Qa5 12. Kb1 Nf6 13. Bxf6 exf6 14. Nf3 0-0-0 15. Qc4 Qc7 16. Rhe1 g6 17. Qb3 Bg7 18. d5 Kb8 19. d6 Qd7 20. c4 c5 21. Qe3 Qc6 22. Rd5 Rhe8 23. Red1 b6 24. Qf4 Rd7 25. e5 fxe5 26. Nxe5 Bxe5 27. Rxe5 Rxe5 28. Qxe5 Kb7 29. Rd5 Qa4 30. b3 Qc6 31. g3 h5 32. h4 a5 33. a4 Qc8 34. Kb2 Qd8 35. Rd2 Qc8 36. Ka2 Qc6 37. Qf6 Qe4 38. Qf2 Kc6 39. Qf6 Qe3 40. Rd5 Qxg3 41. Qh8 Qh2+ 42. Ka3 Kb7 43. Qe8 Qh3 44. Re5 Qg4 45. Re7 Kc6 46. Qc8+ Kxd6 47. Re1 Qg3 48. Rd1+ Ke5 49. Qxd7 Qf2 50. Qe7+ Kf4 51. Qxf7+ 1-0

[Event "ITA-ch rapid"]
[Site "Chianciano Terme"]
[Date "2018.03.31"]
[Round "2"]
[White "Cappelletto, Joshuaede"]
[Black "De Filomeno, Simone"]
[Result "0-1"]
[WhiteElo "1976"]
[BlackElo "2429"]
[PlyCount "58"]
[EventDate "2018.03.31"]
[EventType "swiss (rapid)"]
[EventRounds "7"]
[EventCountry "ITA"]
[SourceTitle "CBM 183 Extra"]
[Source "ChessBase"]
[SourceDate "2018.04.19"]
[SourceVersion "1"]
[SourceVersionDate "2018.04.19"]
[SourceQuality "1"]

1. e4 c5 2. Nc3 g6 3. f4 Bg7 4. Nf3 Nc6 5. Bc4 e6 6. 0-0 Nge7 7. d3 d5 8. Bb3 0-0 9. Qe1 Na5 10. f5 Nxb3 11. axb3 exf5 12. e5 d4 13. Nb5 Be6 14. b4 Qb6 15. Nd6 Nc6 16. bxc5 Qxc5 17. Rf2 Nxe5 18. Nxb7 Nxf3+ 19. gxf3 Qc7 20. Na5 Bd5 21. Qf1 Rfe8 22. Ra3 Re6 23. Bd2 Qxc2 24. Bc3 Qxf2+ 25. Qxf2 dxc3 26. bxc3 Rae8 27. c4 Ba8 28. Ra2 Re1+ 29. Kg2 R1e3 0-1

[Event "ITA-ch rapid"]
[Site "Chianciano Terme"]
[Date "2018.03.31"]
[Round "7"]
[White "De Filomeno, Simone"]
[Black "Piccinno, Matteo"]
[Result "1-0"]
[WhiteElo "2429"]
[BlackElo "1987"]
[PlyCount "67"]
[EventDate "2018.03.31"]
[EventType "swiss (rapid)"]
[EventRounds "7"]
[EventCountry "ITA"]
[SourceTitle "CBM 183 Extra"]
[Source "ChessBase"]
[SourceDate "2018.04.19"]
[SourceVersion "1"]
[SourceVersionDate "2018.04.19"]
[SourceQuality "1"]

1. d4 Nf6 2. Nf3 e6 3. g3 b6 4. Bg2 Bb7 5. 0-0 Be7 6. c4 0-0 7. d5 exd5 8. Nh4 c5 9. Nf5 d6 10. Nc3 Nbd7 11. Bf4 Ne5 12. cxd5 Bc8 13. Qc2 Bxf5 14. Qxf5 Ng6 15. Bd2 Qd7 16. Qxd7 Nxd7 17. f4 Rfe8 18. e4 Bf6 19. Nb5 Bxb2 20. Rab1 Bd4+ 21. Kh1 a6 22. Nxd6 Red8 23. e5 b5 24. Ba5 Rf8 25. e6 Nf6 26. Nxf7 Rxf7 27. exf7+ Kxf7 28. d6 Ra7 29. Rfe1 Ne8 30. Bd5+ Kf8 31. Re6 Rd7 32. Rbe1 Nxd6 33. Bc6 Re7 34. Rxd6 1-0

[Event "ITA-ch rapid"]
[Site "Chianciano Terme"]
[Date "2018.03.31"]
[Round "3"]
[White "De Filomeno, Simone"]
[Black "Sirena, Gianni"]
[Result "0-1"]
[WhiteElo "2429"]
[BlackElo "2092"]
[PlyCount "72"]
[EventDate "2018.03.31"]
[EventType "swiss (rapid)"]
[EventRounds "7"]
[EventCountry "ITA"]
[SourceTitle "CBM 183 Extra"]
[Source "ChessBase"]
[SourceDate "2018.04.19"]
[SourceVersion "1"]
[SourceVersionDate "2018.04.19"]
[SourceQuality "1"]

1. d4 Nf6 2. Nf3 g6 3. c4 c5 4. Nc3 cxd4 5. Nxd4 Bg7 6. g3 0-0 7. Bg2 Nc6 8. 0-0 Nxd4 9. Qxd4 d6 10. b3 Ne4 11. Qxe4 Bxc3 12. Bh6 Re8 13. Rac1 Bf6 14. Qd3 Qa5 15. Rc2 Rb8 16. e4 a6 17. Be3 Bd7 18. Rfc1 Bc6 19. Qe2 Qb4 20. f4 Bg7 21. Bf2 a5 22. Kh1 a4 23. Be1 Qb6 24. b4 a3 25. b5 Bd7 26. Bf2 Bd4 27. Bxd4 Qxd4 28. Rd1 Qc5 29. g4 Rbc8 30. f5 Qc7 31. Rdd2 Qa5 32. Qe3 Rc5 33. Qh6 Bxb5 34. Bf1 Bc6 35. Qf4 Bb5 36. Bh3 Bd7 0-1

[Event "EU-ch rapid"]
[Site "Katowice"]
[Date "2017.12.17"]
[Round "10"]
[White "De Filomeno, Simone"]
[Black "Szusterowski, Radoslaw"]
[Result "1/2-1/2"]
[WhiteElo "2429"]
[BlackElo "2219"]
[PlyCount "45"]
[EventDate "2017.12.16"]
[EventType "swiss (rapid)"]
[EventRounds "11"]
[EventCountry "POL"]
[SourceTitle "CBM 182 Extra"]
[Source "ChessBase"]
[SourceDate "2018.02.23"]
[SourceVersion "1"]
[SourceVersionDate "2018.02.23"]
[SourceQuality "1"]

1. d4 Nf6 2. Nf3 c5 3. c4 cxd4 4. Nxd4 e5 5. Nc2 d5 6. cxd5 Qxd5 7. Qxd5 Nxd5 8. e4 Nb4 9. Nxb4 Bxb4+ 10. Bd2 Bxd2+ 11. Nxd2 Be6 12. Rc1 0-0 13. Rc7 Nc6 14. Rxb7 Rab8 15. Rxb8 Rxb8 16. b3 Nb4 17. Bc4 Bxc4 18. Nxc4 Nxa2 19. Kd2 Rxb3 20. Ra1 Rb4 21. Nxe5 Rxe4 22. Rxa2 Rxe5 23. Rxa7 1/2-1/2

[Event "EU-ch rapid"]
[Site "Katowice"]
[Date "2017.12.16"]
[Round "4"]
[White "De Filomeno, Simone"]
[Black "Banasik, Henryk"]
[Result "1-0"]
[WhiteElo "2429"]
[BlackElo "1816"]
[PlyCount "75"]
[EventDate "2017.12.16"]
[EventType "swiss (rapid)"]
[EventRounds "11"]
[EventCountry "POL"]
[SourceTitle "CBM 182 Extra"]
[Source "ChessBase"]
[SourceDate "2018.02.23"]
[SourceVersion "1"]
[SourceVersionDate "2018.02.23"]
[SourceQuality "1"]

1. d4 Nf6 2. Nf3 g6 3. Bf4 Bg7 4. e3 d6 5. h3 0-0 6. Be2 Nc6 7. 0-0 Nd7 8. Bh2 e5 9. c4 h6 10. Nc3 Kh7 11. Rb1 f5 12. b4 g5 13. b5 Ne7 14. Qc2 Kh8 15. Rbd1 Qe8 16. dxe5 dxe5 17. Nd5 Nxd5 18. cxd5 Rf7 19. Qxc7 e4 20. Nd4 Nb6 21. Bh5 Rxc7 22. Bxe8 Re7 23. Bg6 Nxd5 24. Bd6 Rd7 25. Nxf5 Nc3 26. Nxg7 Nxd1 27. Be5 Rxg7 28. Rxd1 Be6 29. Rd6 Kg8 30. Bxg7 Kxg7 31. Rxe6 Rd8 32. Bxe4 Rd1+ 33. Kh2 Rd2 34. Kg3 Rxa2 35. Rg6+ Kf7 36. Bd5+ Kxg6 37. Bxa2 Kf6 38. Bd5 1-0

[Event "EU-ch rapid"]
[Site "Katowice"]
[Date "2017.12.16"]
[Round "2"]
[White "De Filomeno, Simone"]
[Black "Sanz Wawer, Daniel"]
[Result "1/2-1/2"]
[WhiteElo "2429"]
[BlackElo "2134"]
[PlyCount "74"]
[EventDate "2017.12.16"]
[EventType "swiss (rapid)"]
[EventRounds "11"]
[EventCountry "POL"]
[SourceTitle "CBM 182 Extra"]
[Source "ChessBase"]
[SourceDate "2018.02.23"]
[SourceVersion "1"]
[SourceVersionDate "2018.02.23"]
[SourceQuality "1"]

1. d4 d5 2. c4 c6 3. Nc3 Nf6 4. Nf3 e6 5. g3 Nbd7 6. Bg2 Be7 7. 0-0 0-0 8. Nd2 b6 9. e4 Ba6 10. Re1 dxc4 11. a4 e5 12. Nf3 exd4 13. Nxd4 Ne5 14. Bf4 Nfd7 15. Re2 Bc5 16. Rd2 Qf6 17. Be3 Nd3 18. Nf5 Bxe3 19. Nxe3 N7c5 20. Ra3 Rad8 21. Qh5 Nf4 22. Qd1 Nxg2 23. Kxg2 Nb3 24. Rxd8 Rxd8 25. Qe1 Nd4 26. f4 Nb3 27. e5 Qe6 28. Ne4 Rd4 29. Ng5 Qg6 30. Nf1 h6 31. Nf3 Rxf4 32. Qe2 c5 33. Rxb3 cxb3 34. Qxa6 Qc2+ 35. N1d2 Rxf3 36. Kxf3 Qxd2 37. Qc8+ Kh7 1/2-1/2

[Event "EU-ch blitz"]
[Site "Katowice"]
[Date "2017.12.15"]
[Round "11"]
[White "De Filomeno, Simone"]
[Black "Klabis, Rokas"]
[Result "0-1"]
[WhiteElo "2429"]
[BlackElo "2366"]
[PlyCount "137"]
[EventDate "2017.12.15"]
[EventType "swiss (blitz)"]
[EventRounds "22"]
[EventCountry "POL"]
[SourceTitle "CBM 182 Extra"]
[Source "ChessBase"]
[SourceDate "2018.02.23"]
[SourceVersion "1"]
[SourceVersionDate "2018.02.23"]
[SourceQuality "1"]

1. d4 Nf6 2. Nf3 e6 3. g3 Be7 4. Bg2 d5 5. c4 0-0 6. 0-0 b6 7. Nc3 Bb7 8. Nd2 Nbd7 9. e4 dxe4 10. Ndxe4 Nxe4 11. Nxe4 Qc8 12. Re1 Nf6 13. Bg5 Nxe4 14. Bxe7 Re8 15. Bb4 a5 16. Bxe4 axb4 17. c5 Bxe4 18. Rxe4 Qb7 19. Re3 Red8 20. Rd3 h6 21. Qb3 bxc5 22. dxc5 Qe4 23. Rad1 Rxd3 24. Rxd3 Qe1+ 25. Kg2 Qe4+ 26. Kg1 Qe1+ 27. Kg2 Qe4+ 28. Kh3 Qf5+ 29. Kg2 Qxc5 30. h4 Qc6+ 31. Kg1 Qe4 32. Re3 Qb1+ 33. Kg2 Rxa2 34. Qxb4 Rxb2 35. Qe7 Rb8 36. Qxc7 Qb7+ 37. Qxb7 Rxb7 38. Kf3 Kf8 39. Ra3 Ke7 40. Ra8 Kf6 41. Ra3 h5 42. Ke3 Rb5 43. Kf3 g6 44. Kf4 Rb4+ 45. Ke3 Rc4 46. Kf3 Rc7 47. Kf4 e5+ 48. Ke4 Rc4+ 49. Ke3 Rc6 50. Ke4 Ke6 51. Ke3 Kf5 52. Kf3 Rd6 53. Ke3 Rb6 54. Kf3 f6 55. Ke3 g5 56. hxg5 fxg5 57. Ra8 Rb3+ 58. Ke2 h4 59. gxh4 gxh4 60. Rh8 Kg4 61. Kd2 Rb4 62. Ke3 Kh3 63. f3 Kg2 64. Rg8+ Kf1 65. Rg5 h3 66. Rxe5 Rh4 67. Ra5 h2 68. f4 Kg2 69. Ra1 0-1